书目信息 |
| 题名: |
仿像与超越
|
|
| 作者: | 李明德 著 | |
| 分册: | ||
| 出版信息: | 北京 中国社会科学出版社 2007 |
|
| 页数: | 350页 | |
| 开本: | 21cm | |
| 丛书名: | ||
| 单 册: | ||
| 中图分类: | G237.5 | |
| 科图分类: | ||
| 主题词: | 文学--期刊--编辑工作--研究--中国--现代 , 文学 , 期刊 , 编辑工作 | |
| 电子资源: | ||
| ISBN: | 978-7-5004-6081-7 | |
| 000 | 00954nam0 2200265 450 | |
| 001 | 1260828055 | |
| 005 | 20121005165435.15 | |
| 010 | @a978-7-5004-6081-7@dCNY28.00 | |
| 100 | @a20070327d2007 em y0chiy50 ea | |
| 101 | 0 | @achi |
| 102 | @aCN@b110000 | |
| 105 | @ay z 000yy | |
| 200 | 1 | @a仿像与超越@Afang xiang yu chao yue@e当代文化语境中的文学期刊@f李明德著 |
| 210 | @a北京@c中国社会科学出版社@d2007 | |
| 215 | @a350页@d21cm | |
| 330 | @a本书阐述了文学期刊的身份、场域、生产力、审美,阐述了文学期刊的产生脉络、行进过程、转变与转型、困境等,并从对文学期刊的研究转到对文学发展的关注,对文学发展的预测等。 | |
| 517 | 1 | @a当代文化语境中的文学期刊@Adang dai wen hua yu jing zhong de wen xue qi kan |
| 606 | 0 | @a文学@x期刊@x编辑工作@x研究@y中国@z现代 |
| 606 | 0 | @a文学 |
| 606 | 0 | @a期刊 |
| 606 | 0 | @a编辑工作 |
| 690 | @aG237.5@v4 | |
| 701 | 0 | @a李明德@Ali ming de@f(1959~)@4著 |
| 801 | 0 | @aCN@bNLC@c20101222 |
| 905 | @a10447@dG237.5@eJY120 | |
| 仿像与超越:当代文化语境中的文学期刊/李明德著.-北京:中国社会科学出版社,2007 |
| 350页;21cm |
| ISBN 978-7-5004-6081-7:CNY28.00 |
| 本书阐述了文学期刊的身份、场域、生产力、审美,阐述了文学期刊的产生脉络、行进过程、转变与转型、困境等,并从对文学期刊的研究转到对文学发展的关注,对文学发展的预测等。 |
| ● |
| 相关链接 |
|
|
|
|
正题名:仿像与超越
索取号:G237.5/JY120
 
预约/预借
| 序号 | 登录号 | 条形码 | 馆藏地/架位号 | 状态 | 备注 |
| 1 | 7814881 | 278148817 | 学院路分馆/ [索取号:G237.5/JY120] | 在馆 | |
| 2 | 7814882 | 278148826 | 学院路分馆/ [索取号:G237.5/JY120] | 在馆 |